[Event "ICS rated blitz match"]
[Site "204.178.125.65"]
[Date "1999.10.01"]
[Round "?"]
[White "BugChess"]
[Black "Hossa"]
[Result "1-0"]
[WhiteElo "2151"]
[BlackElo "2347"]
[Annotator "Fritz 5.32 (20s)"]
[PlyCount "87"]
[EventDate "1999.??.??"]

1. d4 d5 2. e4 dxe4 3. Nc3 Nf6 4. f3 exf3 5. Nxf3 Bg4 6. h3 Bxf3 7. Qxf3 7...
Nbd7 $14 (7... c6 $5 $17 $142 8. Be3 (8. g4 e6 9. g5 Nd5 10. Bd3 Be7 11. Rf1
O-O 12. Ne4 Nd7 13. Bd2 e5 14. c4 Nb4 15. Bb1 exd4 16. Nf6+ Bxf6 17. gxf6 Re8+
18. Kd1 Nxf6 19. Bxb4 Qb6 20. Qa3 Re3 21. Qa5 Qxa5 22. Bxa5 22... Rxh3 {
Meszaros,G-Suetin,A/Lenk 1993/EXT 97/1-0 (50)}) 8... e6 (8... Nbd7 9. Bd3 e6
10. O-O Bd6 11. Ne4 Qc7 12. Nxd6+ Qxd6 13. c3 O-O-O 14. Bf4 Qd5 15. Qe2 Qh5 16.
Qc2 Nd5 17. Bh2 Ne3 18. Qa4 Nxf1 19. Rxf1 e5 20. Qxa7 f6 21. dxe5 Nxe5 22. Bf5+
Kc7 23. Qa5+ Kb8 24. Bxe5+ fxe5 25. Qxe5+ Ka7 26. Qa5+ {
- Willke,H-Straschewski,J/FRG-chJM U26 1982/EXT 99 (26)}) 9. Bd3 Bd6 (9... Be7
10. O-O Nbd7 11. g4 h6 12. Ne4 g5 13. Rf2 Qc7 14. Raf1 O-O-O 15. Nxf6 Nxf6 16.
c4 Rdg8 17. Qg2 Qd8 18. b4 h5 19. b5 c5 20. Be4 Nxe4 21. Qxe4 hxg4 22. Rxf7 Qd6
23. Qxg4 Rh4 24. Qg2 {Lynn,K-Power,P/Auckland 1977/EXT 98/1-0 (35)}) 10. O-O
O-O 11. Rf2 Nbd7 12. Ne4 Nxe4 13. Qxe4 g6 14. Raf1 Qe7 15. Bh6 f5 16. Bxf8 Rxf8
17. Qe3 e5 18. Re2 Kg7 19. c3 e4 20. Ree1 Nf6 21. Be2 Nd5 22. Qc1 Qh4 23. c4
Qg3 24. cxd5 e3 25. Bf3 25... Qh2# {
0-1 Blaauw,C-Zagrebelny,S/Groningen 1993/CBM 38 ext (25)}) 8. Qxb7 {
Weiss haelt das Heft fest in der Hand} 8... Rb8 $16 (8... e6 9. Bb5 $14) 9.
Qxa7 e5 10. dxe5 Bc5 11. Qa4 Rb4 12. Qc6 (12. exf6 Rxa4 13. Nxa4 13... Qxf6 $17
) 12... Rb6 13. Qa4 $11 (13. Qf3 $5 13... Nxe5 14. Qg3 $14) 13... Qe7 $16 (
13... Rb4 14. Qa6 $1 {Weiss kommt in Vorteil} 14... Nxe5 $16) 14. Be2 Qxe5 15.
Bf4 15... Qf5 $18 (15... Qd4 $5 $142 16. Qxd4 16... Bxd4 $14) 16. g4 Qe6 17.
Bxc7 O-O (17... Qc6 18. Qxc6 Rxc6 19. Nb5 $18) 18. Bxb6 Bxb6 19. O-O-O Bf2 (
19... Rb8 {holt die Kuh nicht vom Eis} 20. Kb1 Qe5 21. Bb5 $18 (21. Rxd7 $6
21... Ba5 22. Ra7 22... Bxc3 $18)) 20. Kb1 Nc5 21. Qf4 Be3 22. Qc7 Nce4 23. Bc4
(23. Nxe4 $142 {ginge schneller} 23... Nxe4 24. Rd8 24... Bc5 $18) 23... Nxc3+
24. bxc3 24... Qe4 $2 (24... Bb6 25. Qf4 Be3 26. Bxe6 26... Bxf4 $18) 25. Rhf1
(25. Rhe1 $5 $142 {waere im Gewinnsinne praeziser} 25... Ne8 26. Qb8 26... Qf4
$18) 25... Qa8 (25... Qe8 {macht keinen grossen Unterschied} 26. Bb3 Qb8 27.
Qe7 $18) 26. Bxf7+ $1 {Boing!.} 26... Kh8 27. Rfe1 Bg5 28. Bb3 (28. Ka1 $5 $142
{gibt noch groesseren Vorteil} 28... Qa3 $18) 28... Bh6 (28... Ne4 29. Qe5 Nd2+
30. Rxd2 30... Bxd2 $18) 29. c4 (29. Qc5 $5 {ist genauer} 29... Qc8 30. Qa5 Qa8
31. Qxa8 31... Rxa8 $18) 29... Ne4 30. Rd7 Nd2+ (30... Bg5 {
kann das Vorangegangene nicht ungeschehen machen} 31. Qa7 (31. Rxg7 Nd2+ 32.
Kb2 Bf6+ 33. c3 33... Bxg7 $15) 31... Nd2+ 32. Kb2 $18) 31. Kb2 Bf4 32. Qa7 Qc6
(32... Bg5 {der letzte Widerstandsversuch} 33. Qxa8 33... Rxa8 $18) 33. Qd4 {
Es droht Matt} 33... Bh6 (33... Qf6 {nuetzt auch nichts mehr} 34. Qxf6 gxf6 35.
Ree7 $18) 34. g5 Nf3 (34... Nxb3 35. Rd8 (35. gxh6 Nxd4 36. hxg7+ Kg8 37.
gxf8=R+ Kxf8 38. Rf1+ Ke8 39. Rxd4 Qb6+ 40. Kc3 Qa5+ 41. Kd3 41... Qxa2 $18)
35... Rg8 36. Rxg8+ Kxg8 37. Qd8+ Kf7 38. Qe7+ Kg6 39. Rg1 Qb6 40. Qe8+ Kf5 41.
Rf1+ Kxg5 42. Qe5+ Kh4 43. Qe4+ Bf4 44. Rxf4+ Kg3 45. Rg4+ Kf2 46. Rg2+ Kf1 47.
Qe2#) 35. Rd8 $1 {macht alles klar. Droht Matt} 35... Qc5 36. Qxc5 {
Mit der Mattdrohung Qxf8} 36... Rxd8 37. gxh6 Nxe1 (37... Rg8 {
waere gleichermassen fruchtlos} 38. Qe7 Nxe1 39. c5 Nd3+ 40. cxd3 gxh6 41. Qf6+
Rg7 42. Qf8+ Rg8 43. Qxg8#) 38. hxg7+ $18 (38. Qe5 Rg8 39. c5 Nf3 40. hxg7+
Rxg7 41. Qe8+ Rg8 42. Qxg8#) 38... Kg8 39. Qe7 Nd3+ 40. cxd3 Rb8 41. c5+ Rxb3+
42. axb3 h6 (42... h5 {aendert den traurigen Lauf der Dinge nicht} 43. Qf8+ Kh7
44. g8=Q#) 43. Qf8+ Kh7 44. g8=Q# 1-0

[Event "ICS rated blitz match"]
[Site "204.178.125.65"]
[Date "1999.10.01"]
[Round "?"]
[White "BugChess"]
[Black "Hossa"]
[Result "1/2-1/2"]
[WhiteElo "2165"]
[BlackElo "2333"]
[Annotator "Fritz 5.32 (20s)"]
[PlyCount "170"]
[EventDate "1999.??.??"]

1. e4 c6 2. d4 d5 3. e5 Bf5 4. Nc3 e6 5. g4 Bg6 6. Nge2 Bb4 7. h4 Ne7 (7... Be4
8. Rh3 h5 9. Ng3 c5 10. Bg5 Qb6 11. Ngxe4 cxd4 12. Nd6+ Bxd6 13. exd6 dxc3 14.
Rxc3 Nd7 15. Rb3 Qc6 16. Qd4 Ngf6 17. Bb5 Qxd6 18. Bxf6 gxf6 19. Qxf6 Rg8 20.
Rf3 Rf8 21. Bxd7+ Kxd7 22. gxh5 Qb4+ 23. c3 Qxb2 24. Rd1 Rac8 25. h6 Qa3 26.
Re3 Kc7 27. h7 Qd6 28. h5 Qh2 29. h6 Kb8 30. Rd4 Rh8 31. Qg7 Qh1+ 32. Ke2 Qh5+
33. Rf3 f5 34. Rb4 b6 35. a4 Qe8 36. Rg3 Rc7 37. Qe5 Rhxh7 38. a5 Kb7 39. axb6
axb6 40. Qd4 Qh5+ 41. Kf1 Qh1+ 42. Rg1 {
Day,L-Vranesic,Z/Montreal 1981/MCL/ - (52)}) 8. Bg2 $146 (8. h5 Be4 9. Rh3 h6
10. a3 Bxc3+ 11. Nxc3 Bh7 12. Bd3 Bxd3 13. Qxd3 Nd7 14. f4 Qb6 15. f5 c5 16.
dxc5 Nxc5 17. Qb5+ Qc6 18. Be3 Nd7 19. fxe6 fxe6 20. O-O-O a6 21. Qe2 Qc7 22.
Bd4 Nc6 23. Bg1 O-O-O 24. Bh2 d4 25. Ne4 Ndxe5 26. Nc5 Qd6 27. b4 Qd5 28. Re1
Nc4 29. Qxe6+ Qxe6 30. Nxe6 Rhe8 31. Rf3 Rd7 32. Rf8 Rde7 33. Rxe8+ Rxe8 34.
Bg3 N4e5 35. Nxg7 Nd3+ 36. cxd3 {
1-0 Henris,L-Navarovszky,L/Budapest 1993/EXT 97 (36)}) 8... h5 9. gxh5 $15 (9.
Nf4 hxg4 10. Qxg4 Bxc2 11. Qxg7 11... Rg8 $17) 9... Bxh5 10. Bg5 10... c5 {
Der Standardhebel} 11. dxc5 Nbc6 12. O-O $2 $19 {
Rochiert in eine relativ entbloesste Stellung} (12. Qd3 $15 $142 {
und Weiss spielt mit}) 12... Bxc3 $17 (12... Bxc5 13. Qd3 a6 14. Qg3 $19) 13.
bxc3 Nxe5 14. Rb1 f6 15. Bf4 15... Nf3+ $17 (15... Qd7 16. Bxe5 fxe5 17. Re1
$19) 16. Bxf3 16... Bxf3 {Schwarz erhaelt starke Initiative} 17. Bg3 (17. Qd3
Bxe2 18. Qxe2 18... Qd7 $17) 17... g5 {
Weiss entwickelt Drohungen in der offenen b-Linie} 18. Rxb7 18... gxh4 $17 (
18... d4 19. c6 Bxc6 20. Rxe7+ Qxe7 21. Nxd4 $19) 19. Bd6 19... Rg8+ $11 (19...
Nf5 20. Qd3 Rg8+ (20... Nxd6 $4 {waere ein schlimmer Fehler} 21. Qg6+ Kf8 22.
Qg7+ Ke8 23. Qxh8#) 21. Bg3 Qc8 (21... Nxg3 $2 22. fxg3 Qa5 23. Qh7 (23. Rxf3
$143 23... Qxc5+ 24. Nd4 24... e5 $18) 23... Qxc5+ 24. Rf2 $18) (21... hxg3 22.
Qxf3 Rg5 23. Qh1 $14) 22. Qb5+ 22... Kf8 $19) 20. Kh2 Rg2+ 21. Kh3 Nf5 22. Qd3
$15 (22. Rg1 Nxd6 23. cxd6 Qxd6 24. Rxg2 Bxg2+ 25. Kxg2 $18) 22... Nxd6 23.
Qxf3 $17 (23. Rh7 Nf7 24. Qxf3 24... Rg8 $15) 23... Nxb7 24. Qh5+ Kd7 25. Kxg2
$17 (25. Qf7+ $5 {muss unbedingt geprueft werden} 25... Kc8 26. Qxe6+ Qd7 27.
Qxd7+ Kxd7 28. Kxg2 Nxc5 29. Rd1 $11) 25... Nxc5 26. Qxh4 Qh8 27. Qb4 (27. Qd4
27... Kc6 $17) 27... Qg8+ 28. Ng3 Qf8 (28... Rc8 29. Rh1 $17) 29. Rh1 29... Kc8
$16 (29... Rb8 $142 {damit waere Schwarz im Spiel geblieben} 30. Qf4 30... e5
$15) 30. Rh7 {Mit der Idee Qb5} 30... Nd7 31. Re7 Kc7 32. Qa5+ Kd6 33. Qa3+
33... Kc7 $14 (33... Nc5 34. Rxa7 Rxa7 35. Qxa7 35... Qe8 $14) 34. Ne2 34... a5
$4 $18 (34... e5 $142 {haette die Niederlage vermieden} 35. Ng3 f5 36. Qa5+
36... Kd6 $14) 35. Nf4 (35. Nd4 $5 $142 {
damit wuerde Weiss es sich noch erleichtern} 35... Qg8+ 36. Kf1 36... Qg4 $18)
35... Qg8+ 36. Kf1 Ra6 37. Qa4 {Droht Matt: Qxd7} 37... Qd8 (37... Qc8 {
hilft allerdings auch nicht} 38. Nxe6+ (38. Rxe6 Rxe6 39. Nxe6+ 39... Kd6 $14)
38... Kb8 39. Ng7 $18 (39. Qxd7 Qxd7 40. Rxd7 40... Rxe6 $16) (39. Rxd7 $6
39... Rxe6 40. Rxd5 40... Rb6 $18)) 38. Nxe6+ Rxe6 39. Rxe6 Qa8 40. Re7 (40.
Qb5 {erleichterte Weiss die Gewinnfuehrung} 40... a4 41. Ra6 Qb7 42. Qa5+ 42...
Kc8 $18) 40... Qc8 (40... Qc6 {hilft auch nicht mehr} 41. Qxa5+ Kc8 42. Re8+
Kb7 43. Kg1 $18) 41. Qxa5+ Kd6 42. Rg7 Qc4+ 43. Kg1 Ke6 44. Qa8 Ne5 45. f4 (45.
Qe8+ $142 {und nichts geht mehr} 45... Kf5 46. Qh5+ Ke6 47. Qh3+ Kd6 48. Qf5
$18) 45... Qxf4 46. Qc8+ Kd6 47. Qc7+ Ke6 48. Re7+ Kf5 49. Qc8+ Ke4 50. Qc6 $11
(50. Qh3 $142 50... Qc1+ 51. Qf1 Qxc2 52. Qxf6 Qxc3 53. Qh4+ Kf5 54. Qf2+ Ke4
55. Kg2 $16) 50... Qc1+ 51. Kg2 Qxc2+ 52. Kh3 Qd3+ 53. Kh2 Qe2+ 54. Kh1 Qf1+
55. Kh2 Qe2+ 56. Kg1 Qxa2 57. Qxf6 {Mit der Mattdrohung Qxe5} 57... Qa1+ 58.
Kg2 {Droht Matt: Qf3} 58... Qxc3 59. Re8 Qd2+ 60. Kg1 60... Qf4 {Es droht Matt}
61. Qxf4+ Kxf4 62. Rd8 Nf3+ 63. Kf2 Ke4 64. Re8+ Ne5 65. Rd8 d4 66. Ke2 66...
Kf5 $16 (66... Nd3 $5 $11 $142 {muss erwogen werden}) 67. Rxd4 Kf6 68. Rd8 Nc4
69. Re8 Kg6 70. Re7 Kf6 71. Rd7 Ke5 72. Kf2 Ke4 73. Re7+ Kd5 74. Re8 Kc6 75.
Rc8+ Kd5 76. Rd8+ Ke4 77. Re8+ Kd4 78. Rd8+ $11 (78. Ke2 $5 $16 $142) 78... Ke4
79. Rd7 Kf5 80. Re7 Kf6 81. Re8 Kf7 82. Rd8 Ke7 83. Rg8 Kd6 84. Rc8 $11 (84.
Rg5 $5 $16 $142) 84... Kd5 85. Re8 $11 (85. Kf3 $5 $16 $142) 85... Kc6 $16 (
85... Kd4 86. Kf3 Ne5+ 87. Kf4 Ng6+ 88. Kg4 Ne5+ 89. Kf5 89... Nd3 $16) 1/2-1/2

[Event "ICS rated blitz match"]
[Site "204.178.125.65"]
[Date "1999.09.29"]
[Round "?"]
[White "BugChess"]
[Black "Hossa"]
[Result "0-1"]
[WhiteElo "2118"]
[BlackElo "2473"]
[PlyCount "94"]
[EventDate "1999.??.??"]

1. e4 c5 2. Nf3 d6 3. d4 cxd4 4. Nxd4 Nf6 5. Nc3 a6 6. Bg5 e5 7. Nb3 Be7 8. Be2
O-O 9. O-O Nxe4 10. Bxe7 Nxc3 11. Bxd8 Nxd1 12. Be7 Nxb2 13. Bxf8 Kxf8 14. c4
Bf5 15. c5 d5 16. f4 e4 17. Na5 Bc8 18. Rfc1 Nd7 19. Rab1 Na4 20. Nxb7 Bxb7 21.
Rxb7 Ndxc5 22. Rb4 Ke7 23. Rd4 Kd6 24. g3 Nb6 25. Rd2 a5 26. f5 Rc8 27. Rb2
Nca4 28. Rxc8 Nxc8 29. Rb7 Ne7 30. Bg4 Nc5 31. Ra7 a4 32. a3 d4 33. Ra8 d3 34.
Rf8 f6 35. Rf7 e3 36. Kf1 Nc6 37. h3 Nd4 38. Ke1 e2 39. Bxe2 dxe2 40. Rxg7 Nd3+
41. Kd2 Ne5 42. Rxh7 Nef3+ 43. Kd3 e1=Q 44. Rd7+ Kxd7 45. g4 Qe2+ 46. Kc3 Qb5
47. h4 47... Qb3# {BugChess checkmated} 0-1

[Event "ICS rated blitz match"]
[Site "204.178.125.65"]
[Date "1999.09.22"]
[Round "?"]
[White "Burgsvik"]
[Black "Hossa"]
[Result "0-1"]
[WhiteElo "2193"]
[BlackElo "2170"]
[PlyCount "34"]
[EventDate "1999.??.??"]

1. e4 e6 2. Nf3 d5 3. e5 Nd7 4. c3 f6 5. d4 fxe5 6. dxe5 Bc5 7. Bd3 Ne7 8. O-O
h6 9. a4 a5 10. Re1 O-O 11. Bc2 Nc6 12. Qd3 Rf5 13. c4 Ndxe5 14. Nxe5 Bxf2+ 15.
Kh1 Bxe1 16. Nxc6 bxc6 17. cxd5 17... Ba6 {Burgsvik resigns} 0-1

[Event "ICS rated blitz match"]
[Site "204.178.125.65"]
[Date "1999.09.13"]
[Round "?"]
[White "Byzantine"]
[Black "Hossa"]
[Result "0-1"]
[WhiteElo "2037"]
[BlackElo "2431"]
[PlyCount "54"]
[EventDate "1999.??.??"]

1. e4 c5 2. Nf3 e6 3. d4 cxd4 4. Nxd4 Nf6 5. Nc3 d6 6. Be2 Be7 7. O-O O-O 8.
Be3 Nc6 9. Kh1 d5 10. exd5 Nxd5 11. Nxd5 exd5 12. Bf3 Nxd4 13. Bxd4 b5 14. c3
Re8 15. Qb3 Be6 16. Rfd1 Qd7 17. Be5 Rad8 18. a4 f6 19. Bg3 b4 20. cxb4 d4 21.
Qd3 Bxb4 22. Be4 f5 23. Bf3 Bf7 24. Bh4 Rc8 25. Qxd4 Re1+ 26. Rxe1 Qxd4 27.
Red1 27... Qxh4 {Byzantine resigns} 0-1

[Event "ICS rated blitz match"]
[Site "204.178.125.65"]
[Date "1999.09.12"]
[Round "?"]
[White "Calciunett"]
[Black "Hossa"]
[Result "1/2-1/2"]
[WhiteElo "2247"]
[BlackElo "2499"]
[PlyCount "114"]
[EventDate "1999.??.??"]

1. Nf3 Nf6 2. d4 e6 3. c4 c5 4. g3 cxd4 5. Nxd4 d5 6. cxd5 Qxd5 7. f3 e5 8. Nb3
Qxd1+ 9. Kxd1 Be7 10. Nc3 Be6 11. e4 Bxb3+ 12. axb3 O-O 13. Bc4 Bb4 14. Kc2
Nfd7 15. Nd5 Bd6 16. Be3 Nc6 17. Rhd1 Rfd8 18. Kc3 Kh8 19. b4 Nd4 20. Bxd4
exd4+ 21. Kb3 Ne5 22. f4 Nf3 23. Rd3 Nxh2 24. Rxd4 Bf8 25. Rd2 Ng4 26. Rad1
Rac8 27. Nc3 Rxd2 28. Rxd2 f5 29. e5 Ne3 30. Be6 Re8 31. Bd7 Rd8 32. e6 Be7 33.
Rd3 Nf1 34. Nd5 Bf8 35. e7 Bxe7 36. Nxe7 Nxg3 37. Bxf5 Rxd3+ 38. Bxd3 Nh5 39.
f5 Nf6 40. Be2 Ne4 41. Kc2 a6 42. Bf3 Nd6 43. Kd3 b6 44. Kd4 Nf7 45. Kd5 Ng5
46. Bg2 b5 47. Kc5 g6 48. fxg6 hxg6 49. Nxg6+ Kg7 50. Ne5 Kf6 51. Nd7+ Ke7 52.
Nb8 Ne6+ 53. Kb6 Nf4 54. Be4 Kf6 55. Kxa6 Ke5 56. Kxb5 Kxe4 57. Kc6 57... Nd3 {
Calciunett ran out of time and Hossa has no material to mate} 1/2-1/2

[Event "ICS rated blitz match"]
[Site "204.178.125.65"]
[Date "1999.09.14"]
[Round "?"]
[White "Carsi"]
[Black "Hossa"]
[Result "0-1"]
[WhiteElo "2303"]
[BlackElo "2369"]
[PlyCount "28"]
[EventDate "1999.??.??"]

1. e4 e6 2. d4 d5 3. Nc3 Nf6 4. e5 Nfd7 5. f4 c5 6. Nf3 cxd4 7. Nxd4 a6 8. Bd3
Bb4 9. Bd2 Nxe5 10. O-O Nxd3 11. cxd3 O-O 12. a3 Bc5 13. Nce2 Nc6 14. Bc3 14...
Qf6 {Carsi resigns} 0-1

[Event "ICS rated blitz match"]
[Site "204.178.125.65"]
[Date "1999.10.08"]
[Round "?"]
[White "Carsi"]
[Black "Hossa"]
[Result "0-1"]
[WhiteElo "2247"]
[BlackElo "2419"]
[PlyCount "116"]
[EventDate "1999.??.??"]

1. e4 e5 2. Nf3 Nf6 3. Nxe5 d6 4. Nf3 Nxe4 5. Bd3 d5 6. Qe2 f5 7. O-O Be7 8. c4
Nf6 9. Re1 Nc6 10. Nc3 d4 11. Nd5 Nxd5 12. cxd5 Nb4 13. Bb5+ Kf7 14. Ne5+ Kf6
15. d3 g6 16. Bh6 Rg8 17. h4 a6 18. Qd2 Nxd5 19. Bc4 Ne3 20. fxe3 Kxe5 21.
exd4+ Kd6 22. Bf4+ Kc6 23. Bxg8 Qxd4+ 24. Be3 Qg4 25. Rec1+ Kd7 26. Bd5 Qxh4
27. Bf3 Bd6 28. Kf1 Bb4 29. Rc3 Qh1+ 30. Bg1 Bxc3 31. Qxc3 c6 32. Qg7+ Kd6 33.
Re1 Qh4 34. Qf8+ Kc7 35. Qe7+ Qxe7 36. Rxe7+ Kd6 37. Rxh7 g5 38. Rg7 g4 39. Be2
Bd7 40. Bh2+ Ke6 41. d4 b5 42. Be5 Ra7 43. g3 c5 44. Bd3 cxd4 45. Bxd4 Ra8 46.
Rg6+ Kd5 47. Bf6 Be6 48. Bb1 Rc8 49. Bg5 Re8 50. Bf4 Rh8 51. Rf6 Rh1+ 52. Kf2
Rxb1 53. Be3 Rxb2+ 54. Ke1 Rxa2 55. Kd1 Ke5 56. Ke1 Kxf6 57. Bd4+ Kf7 58. Kd1
58... Bc4 {Carsi resigns} 0-1

[Event "ICS rated blitz match"]
[Site "204.178.125.65"]
[Date "1999.09.06"]
[Round "?"]
[White "Chaos23"]
[Black "Hossa"]
[Result "1/2-1/2"]
[WhiteElo "2247"]
[BlackElo "2548"]
[PlyCount "90"]
[EventDate "1999.??.??"]

1. e4 c5 2. Nc3 Nc6 3. f4 g6 4. Bb5 Bg7 5. Nf3 Nd4 6. Nxd4 cxd4 7. Ne2 Nf6 8.
Bd3 d6 9. c3 dxc3 10. dxc3 O-O 11. O-O Bg4 12. h3 Bxe2 13. Qxe2 d5 14. e5 Ne8
15. g4 Kh8 16. f5 Nc7 17. Kh1 Rc8 18. Bf4 gxf5 19. gxf5 f6 20. Rg1 fxe5 21.
Bxe5 Ne8 22. Rxg7 Nxg7 23. Rg1 Rg8 24. Qg4 Qf8 25. Qh4 Rc4 26. Bxc4 dxc4 27. f6
exf6 28. Bxf6 Qf7 29. Qd4 a6 30. Rxg7 Rxg7 31. Qd8+ Qg8 32. Bxg7+ Kxg7 33. Qc7+
Qf7 34. Qe5+ Kg6 35. Qe4+ Qf5 36. Qe8+ Kg5 37. Kg2 Qc2+ 38. Kg3 Qd3+ 39. Kg2
Qd2+ 40. Kg3 Qxb2 41. Qe5+ Kh6 42. Qf6+ Kh5 43. Qf5+ Kh6 44. Qf6+ Kh5 45. Qf5+
45... Kh6 {Game drawn by mutual agreement} 1/2-1/2

[Event "ICS rated blitz match"]
[Site "204.178.125.65"]
[Date "1999.09.06"]
[Round "?"]
[White "Chaos23"]
[Black "Hossa"]
[Result "0-1"]
[WhiteElo "2182"]
[BlackElo "2451"]
[Annotator "Steffen A. Jakob"]
[PlyCount "38"]
[EventDate "1999.??.??"]

1. e4 e5 2. f4 exf4 3. Nf3 3... Bb4 $146 ({RR} 3... Bc5 4. d4 ({RR} 4. Bc4 4...
Nc6 5. d4 Nxd4 6. Nxd4 Qh4+ 7. Kf1 Nf6 8. Nc3 O-O 9. Be2 d6 10. h3 d5 11. e5
Ne4 12. Nxe4 dxe4 13. c3 f6 14. Qe1 Qh6 15. e6 Qg5 16. Bc4 Re8 17. Qxe4 Bd6 18.
Bd3 g6 19. Bc4 Kh8 20. Nf3 Qg3 21. b4 Bxe6 22. Qd4 Be7 23. Bxf4 c5 24. bxc5
Qxf4 25. Qxf4 Bxc5 26. Nd4 26... Kg7 {
1-0 Saed Kia,N-Auer,P/RLPF-op Hauenstein 1991/GER 05 (26)}) 4... Bb6 5. Bxf4 d5
6. exd5 Qxd5 7. c3 Qe4+ 8. Qe2 Qxe2+ 9. Bxe2 Be6 10. Nbd2 Ne7 11. Nc4 Bxc4 12.
Bxc4 Ng6 13. Bg3 Nd7 14. O-O-O O-O 15. Rhf1 Rae8 16. Bd3 Nf6 17. Bxg6 fxg6 18.
Ne5 {Ternette,H-Gotthold,E/RLPF-chS Hauenstein 1991/GER 05/1-0 (51)}) ({RR} 
3... b6 4. d4 ({RR} 4. Bc4 4... Bb7 5. Nc3 Qe7 6. d3 g5 7. O-O Bg7 8. Nxg5 Qxg5
9. Bxf4 Qc5+ 10. Kh1 f6 11. Qg4 Bh6 12. Bxg8 Qf8 13. Bc4 d6 14. Qh5+ {
1-0 Schubert,D-Scholz,G/OLNO 1992/BIG 90 (14)}) 4... Bb7 5. Bd3 d6 6. Bxf4 Nf6
7. Nbd2 Be7 8. O-O O-O 9. c3 Ba6 10. c4 c6 11. Qc2 Qc8 12. e5 dxe5 13. dxe5
Bc5+ 14. Kh1 Nh5 15. Bxh7+ Kh8 16. Bf5 Qe8 17. Ng5 Nxf4 18. Rxf4 Qxe5 19. Rh4+
Kg8 20. Bh7+ Kh8 21. Bg8+ {1-0 David,E-Meier,J/Giessen op 1995/GER 11 (21)}) 4.
a3 Be7 5. Bc4 f5 6. e5 (6. Ne5 Bh4+ 7. Kf1 $18) 6... d5 7. exd6 Bxd6 8. O-O Nd7
9. d4 Nb6 10. Bxg8 Rxg8 11. Re1+ Kf7 12. c4 Nxc4 13. Qb3 b5 14. Qxb5 Nb6 15.
Nc3 Kf6 16. Ne5 g5 17. Qb3 Rf8 18. Bd2 Kg7 19. Nd5 19... Be6 {Chaos23 resigns}
0-1

[Event "ICS rated blitz match"]
[Site "204.178.125.65"]
[Date "1999.09.16"]
[Round "?"]
[White "Chemberlen"]
[Black "Hossa"]
[Result "0-1"]
[WhiteElo "2472"]
[BlackElo "2435"]
[PlyCount "50"]
[EventDate "1999.??.??"]

1. e4 c5 2. c3 d5 3. exd5 Qxd5 4. d4 Nf6 5. Nf3 e6 6. Be3 cxd4 7. cxd4 Ne4 8.
Nc3 Bb4 9. Rc1 Qxa2 10. Bd3 Qxb2 11. Bxe4 Bxc3+ 12. Kf1 O-O 13. Bxh7+ Kxh7 14.
Ng5+ Kg6 15. Qd3+ f5 16. Rxc3 Bd7 17. h4 Bb5 18. Rc4 Rc8 19. h5+ Kf6 20. Nh7+
Ke7 21. Bg5+ Kf7 22. Kg1 Bxc4 23. Qg3 Qxd4 24. Be3 Qd1+ 25. Kh2 25... Qxh5+ {
Chemberlen resigns} 0-1

[Event "ICS rated blitz match"]
[Site "204.178.125.65"]
[Date "1999.09.11"]
[Round "?"]
[White "Chemberlen"]
[Black "Hossa"]
[Result "1-0"]
[WhiteElo "2622"]
[BlackElo "2440"]
[PlyCount "129"]
[EventDate "1999.??.??"]

1. e4 e5 2. Nf3 Nc6 3. Bc4 Bc5 4. c3 Nf6 5. d3 d6 6. O-O O-O 7. Bb3 d5 8. Nbd2
Bg4 9. h3 Be6 10. Qe2 Re8 11. Re1 a6 12. Nf1 Rc8 13. Ng3 Qd6 14. Nh4 dxe4 15.
dxe4 Bxb3 16. axb3 Rcd8 17. Nhf5 Qe6 18. Bg5 Qxb3 19. Bxf6 Be7 20. Bxe7 Nxe7
21. Red1 Nxf5 22. Nxf5 c6 23. Rd2 Rxd2 24. Qxd2 g6 25. Nh6+ Kg7 26. Ng4 Qe6 27.
Qh6+ Kh8 28. Rd1 Qe7 29. Rd7 Qf8 30. Qxf8+ Rxf8 31. Nf6 Kg7 32. Ng4 Kh8 33.
Nxe5 f6 34. Ng4 h5 35. Nh6 b6 36. e5 fxe5 37. Nf7+ Kg8 38. Nxe5 Rf6 39. g3 g5
40. Kg2 c5 41. Rb7 b5 42. f3 Re6 43. f4 h4 44. Kf3 hxg3 45. Kxg3 gxf4+ 46. Kxf4
Rf6+ 47. Kg5 Re6 48. Kf5 Rh6 49. Kg4 Re6 50. Nf3 Re2 51. b4 cxb4 52. cxb4 Re4+
53. Kg5 Rxb4 54. h4 a5 55. h5 a4 56. Ne5 Rb1 57. h6 Rh1 58. Ng6 Rg1+ 59. Kf5
Rf1+ 60. Ke6 Re1+ 61. Kd6 Rd1+ 62. Kc6 Rc1+ 63. Kb6 Rc7 64. Rxc7 b4 65. Rg7# {
Hossa checkmated} 1-0

[Event "ICS rated blitz match"]
[Site "204.178.125.65"]
[Date "1999.09.05"]
[Round "?"]
[White "Chemberlen"]
[Black "Hossa"]
[Result "0-1"]
[WhiteElo "2581"]
[BlackElo "2491"]
[PlyCount "78"]
[EventDate "1999.??.??"]

1. e4 c5 2. c3 d5 3. exd5 Qxd5 4. d4 Bf5 5. Qb3 Qxb3 6. axb3 cxd4 7. cxd4 Nc6
8. Nf3 Bxb1 9. Rxb1 e6 10. Bb5 Bb4+ 11. Bd2 Bxd2+ 12. Kxd2 Nge7 13. Rhc1 O-O
14. Bxc6 Nxc6 15. Ke3 Rac8 16. Rc4 b5 17. Rc5 Nxd4 18. Rxc8 Nf5+ 19. Ke4 Rxc8
20. Ra1 Rc7 21. Nd4 Nxd4 22. Kxd4 f6 23. f4 g5 24. fxg5 fxg5 25. Ra5 Rb7 26.
Ke5 Kf7 27. Ra6 b4 28. Rc6 g4 29. Kf4 h5 30. g3 Kf6 31. Ra6 Rd7 32. Ke4 Rd2 33.
Ra4 Rxh2 34. Rxb4 Rh3 35. Kf4 e5+ 36. Ke4 Rxg3 37. Rb7 h4 38. Rxa7 Rxb3 39.
Ra6+ 39... Kg5 {Chemberlen resigns} 0-1

[Event "ICS rated blitz match"]
[Site "204.178.125.65"]
[Date "1999.09.03"]
[Round "?"]
[White "ChessterMan"]
[Black "Hossa"]
[Result "0-1"]
[WhiteElo "2080"]
[BlackElo "2544"]
[PlyCount "72"]
[EventDate "1999.??.??"]

1. e4 c6 2. d4 d5 3. Nc3 Nf6 4. e5 Nfd7 5. e6 fxe6 6. Nf3 g6 7. Bd3 Bg7 8. Qe2
Nf6 9. Bf4 O-O 10. O-O-O Ne4 11. Bd2 Nxd2 12. Qxd2 c5 13. dxc5 Qa5 14. Rhe1
Bxc3 15. Qxc3 Qxa2 16. h4 Nc6 17. h5 d4 18. Qc4 Qa1+ 19. Kd2 Qxb2 20. hxg6 hxg6
21. Rxe6 Qc3+ 22. Ke2 Qxc4 23. Bxc4 Bxe6 24. Bxe6+ Kg7 25. Rb1 Rab8 26. Bd5 e5
27. Bxc6 bxc6 28. Ra1 Rb7 29. Nxe5 Re7 30. f4 Rxf4 31. Kd3 Rxe5 32. Rxa7+ Kf6
33. Ra6 Rxc5 34. Kd2 Rf2+ 35. Kd3 Ke5 36. Ra2 36... Rc3# {
ChessterMan checkmated} 0-1

[Event "ICS rated blitz match"]
[Site "204.178.125.65"]
[Date "1999.10.09"]
[Round "?"]
[White "Colorado"]
[Black "Hossa"]
[Result "1-0"]
[WhiteElo "2664"]
[BlackElo "2449"]
[PlyCount "90"]
[EventDate "1999.??.??"]

1. e4 c5 2. Nf3 d6 3. d4 cxd4 4. Nxd4 Nf6 5. Nc3 a6 6. Bg5 Nbd7 7. Bc4 Nb6 8.
Bb3 e5 9. Nf5 Bxf5 10. exf5 Be7 11. O-O O-O 12. Qf3 Qc8 13. Rfe1 Qc6 14. Qxc6
bxc6 15. f4 Nbd7 16. Rad1 Rfe8 17. Re2 Nh5 18. Bxe7 Rxe7 19. Red2 Rae8 20. Rxd6
Nb8 21. fxe5 Rxe5 22. Ba4 Rc5 23. Nd5 h6 24. Rd4 cxd5 25. Bxe8 Rxc2 26. Rd8
Rxb2 27. Bc6+ Kh7 28. Bxd5 Rb1+ 29. Kf2 Rb5 30. g4 Rb2+ 31. Kf3 Nf6 32. Bxf7 g6
33. Bxg6+ Kg7 34. R4d6 Rb1 35. Re6 Rb7 36. h4 a5 37. g5 hxg5 38. hxg5 Ng8 39.
Ree8 Nf6 40. Rxb8 Rc7 41. Rf8 Rc3+ 42. Ke2 Rc2+ 43. Kd1 Rd2+ 44. Kxd2 Ne4+ 45.
Kd1 45... Nxg5 {Hossa resigns} 1-0

[Event "ICS rated blitz match"]
[Site "204.178.125.65"]
[Date "1999.10.03"]
[Round "?"]
[White "ComputoJon"]
[Black "Hossa"]
[Result "0-1"]
[WhiteElo "2226"]
[BlackElo "2417"]
[PlyCount "116"]
[EventDate "1999.??.??"]

1. e4 e5 2. Nf3 Nc6 3. d4 exd4 4. Nxd4 Bc5 5. Nxc6 bxc6 6. Bd3 Ne7 7. O-O O-O
8. Nc3 d5 9. Bg5 Bd4 10. exd5 Bxc3 11. bxc3 f6 12. Be3 cxd5 13. Bc5 Re8 14. Re1
Nf5 15. Qf3 Rxe1+ 16. Rxe1 Nh6 17. Be7 Bg4 18. Bxd8 Bxf3 19. Bxc7 Rc8 20. Ba5
Bh5 21. Re7 Rb8 22. Bb4 a5 23. Bxa5 Ra8 24. Bb4 Rxa2 25. f3 Bf7 26. Kf2 Bg6 27.
Ke3 Bxd3 28. Kxd3 Nf5 29. Rd7 Nh4 30. Rxd5 Nxg2 31. Ra5 Ne1+ 32. Ke2 Rxa5 33.
Bxa5 Nxc2 34. Kd2 Na3 35. Kd3 Nb5 36. c4 Na7 37. Ke4 Nc6 38. Bc7 Kf7 39. Kd5
Nb4+ 40. Kd6 Nc2 41. Kd7 g5 42. c5 Nd4 43. c6 h5 44. Bd8 Nxc6 45. Kxc6 Ke6 46.
Kc5 g4 47. f4 h4 48. f5+ Kxf5 49. Bc7 g3 50. hxg3 h3 51. g4+ Kxg4 52. Kd4 Kf3
53. Kd3 f5 54. Bh2 Kg2 55. Ke2 Kxh2 56. Kf2 f4 57. Kf3 Kg1 58. Kxf4 58... h2 {
ComputoJon resigns} 0-1